|
|
|
|
| LEADER |
00000nab a2200000ua 4500 |
| 001 |
vtls010853116 |
| 003 |
SK-MaSNL |
| 005 |
20260303105710.0 |
| 008 |
230121s2009 xo |||||||||||||||||cze| |
| 035 |
|
|
|a (urnnbn)urn:nbn:sk:snk:ar-a07esv
|
| 035 |
|
|
|a urn:nbn:sk:snk-ab6cyu
|
| 035 |
|
|
|a (uuid)332533b9-e4c4-4ec0-b0da-78774c481d83
|
| 040 |
|
|
|a SNKBUCL
|b slo
|c SNKBUCL
|e AACR2
|
| 041 |
0 |
|
|a cze
|
| 044 |
|
|
|a xo
|c SK
|
| 100 |
1 |
|
|a Suchomel, Aleš
|4 aut
|9 411202
|
| 245 |
1 |
0 |
|a ÚROVEŇ MOTORICKÉ VÝKONNOSTI DETÍ ŠKOLNÍHO VĚKU V LIBERECKÉM REGIÓNU
|c Aleš Suchomel, Jiří Kříž
|
| 700 |
1 |
|
|a Kříž, Jiří
|4 aut
|9 355841
|
| 773 |
0 |
|
|t Exercitatio corpolis - motus - salus : slovak journal of sports sciences
|g Roč. 1, č. 1 (2009), s. 94-101
|
| 954 |
|
|
|a odborná, vedecká literatúra cudzojazyčná (svetová)
|2 lita
|
| 954 |
|
|
|a odborná, vedecká literatúra pôvodná (slovenská)
|2 lita
|
| 958 |
|
|
|a OND
|
| 958 |
|
|
|a EUIPO
|
| 958 |
|
|
|a article5
|
| 999 |
|
|
|c 1864621
|d 1866551
|